00253nam a2200097Ia 450000100070000000500170000700800410002424500520006526000300011730000080014758868520250717120836.0250717s9999 xx 000 0 und d 0aY-3 TÜRKLERİN TARİHİ 2cİLBER ORTAYLI bTİMAŞ YAYINLARIc2018 b284